Mi libro y mi cuaderno de trabajo de sexto año : instructivo para el maesto

Gespeichert in:
Bibliographische Detailangaben
Körperschaft: México. Comisión Nacional de los Libros de Texto Gratuitos.
Weitere Verfasser: Galicia Ciprés, Paula.
Format: Buch
Sprache:Spanisch
Erschienen: México: Secretaría de Educación Pública, Comisión Nacional de Libros de Texto Gratuitos. 1970.
Ausgabe:2a. ed.
Katalog:MANES:  Suchergebnis im Bibliothekskatalog
Schulbuchspezifische Eigenschaften:
Schriftenreihe:Libro de texto gratuito.
Tags: Tag hinzufügen
Keine Tags, Fügen Sie den ersten Tag hinzu!
Hinzugefügt zu:26.10.2005
Geändert in:08.05.2025

MARC

LEADER 00000cam a2200000 a 4500
003 OSt
005 20250508092030.0
008 051027n1970 mx f 000 0 spa d
040 |a CINV  |c CINV 
050 0 4 |a LTG LB1561  |b M49ct 2º 1970 
051 0 4 |a LTG LB1561-M49ct 2º 1970 
110 2 |a México.  |b Comisión Nacional de los Libros de Texto Gratuitos. 
245 1 0 |a Mi libro y mi cuaderno de trabajo de sexto año :  |b  instructivo para el maesto /  |c Paula Galicia Ciprés. 
250 |a 2a. ed. 
260 |a México:  |b Secretaría de Educación Pública, Comisión Nacional de Libros de Texto Gratuitos.  |c 1970. 
300 |a 56 p.:  |b il.;  |c 18 cm. 
440 |a Libro de texto gratuito.  |9 21882 
546 |a México 
561 |5 mx-CINVES  |a México. DIE-Cinvestav (Ciudad de México)  |k MANES 
690 0 |a MATE  |a CN 
690 |a ECS 
691 0 |a PRI 
700 1 |a Galicia Ciprés, Paula.  |9 22131 
910 |a E-35366 
942 |2 lcc  |c BK 
999 |c 54749  |d 54749 
999 |c manes:54749  |d 54749